The Mac OS X tiger book
Introduces the Mac OS X Tiger operating system, covering installation, working with files and applications, network setups, using AppleScript, and computer security.
Guardado en:
| Autor principal: | |
|---|---|
| Formato: | Libro |
| Lenguaje: | Undetermined |
| Publicado: |
Hoboken, N.J.
Wiley
2005
|
| Materias: | |
| Etiquetas: |
Agregar Etiqueta
Sin Etiquetas, Sea el primero en etiquetar este registro!
|
| Thư viện lưu trữ: | Trung tâm Học liệu Trường Đại học Cần Thơ |
|---|
| LEADER | 00834nam a2200217Ia 4500 | ||
|---|---|---|---|
| 001 | CTU_165970 | ||
| 008 | 210402s9999 xx 000 0 und d | ||
| 020 | |c 24.99 | ||
| 082 | |a 005.446 | ||
| 082 | |b I.25 | ||
| 100 | |a Ihnatko, Andy | ||
| 245 | 4 | |a The Mac OS X tiger book | |
| 245 | 0 | |c Andy Ihnatko | |
| 260 | |a Hoboken, N.J. | ||
| 260 | |b Wiley | ||
| 260 | |c 2005 | ||
| 520 | |a Introduces the Mac OS X Tiger operating system, covering installation, working with files and applications, network setups, using AppleScript, and computer security. | ||
| 650 | |a Operating systems (Computers),Macintosh (Computer),Hệ điều hành (Máy tính),Macintosh (Máy tính) | ||
| 650 | |x Programming,Lập trình máy tính | ||
| 904 | |i Dinh Thu, Bạch Trúc | ||
| 980 | |a Trung tâm Học liệu Trường Đại học Cần Thơ | ||